Sanat: "Äideistä parhain" - Tuula Valkama - Statistics

Yleistilastot
  • Tätä visaa on pelattu 19 kertaa
  • Keskiarvotulos 48 / 79
Vastaustilastot
Sanat % Oikein
äideistä
90%
äideistä
90%
Äideistä
90%
on
90%
on,
90%
on,
90%
parhaimman
90%
parhaimman
90%
90%
korvaamaton.
80%
korvaamaton,
80%
80%
80%
parhain
80%
parhain
80%
sain,
80%
sain.
80%
sain.
80%
vain.
80%
äiti
70%
hän
70%
hän
70%
Hän
70%
hän
70%
hän
70%
hän
70%
kiitän
70%
Lapsuus
70%
nyt
70%
nyt
70%
nyt
70%
nyt
70%
oot.
70%
Paljon
70%
saa.
70%
saan,
70%
saan,
70%
se
70%
siks'
70%
mun.
60%
mun
60%
niin
60%
sua
60%
vaan
60%
vie,
60%
et.
50%
ja
50%
jos
50%
kun
50%
laulaa
50%
lohduttaa,
50%
Rakkaudesta
50%
tää.
50%
tie
50%
vartun,
50%
voimaa
50%
ymmärtää
50%
Äidillein
40%
jää
40%
jää,
40%
Kallein
40%
kerran
40%
kiittää
40%
laulun
40%
Lohdun
40%
loi,
40%
Luotas
40%
Muistot
40%
soi.
40%
suojan
40%
suureks'
40%
tän
40%
unhoon
40%
Hellyyttä
30%
koin,
30%
mieleen
30%
nää
30%
rakkautes
30%
voin.
30%
Ehtoja vastaavia visoja ei löytynyt
Tulosjakauma
Jokaisen tuloksen saaneiden osuus
Persentiili vastausten määrän mukaan
Tuloshistoriasi
Et ole pelannut tätä visaa